<?xml version="1.0" encoding="UTF-8"?>
<collection xmlns:xsi="http://www.w3.org/2001/XMLSchema-instance" xsi:schemaLocation="http://www.loc.gov/MARC21/slim http://www.loc.gov/standards/marcxml/schema/MARC21slim.xsd" xmlns="http://www.loc.gov/MARC21/slim">
 <record>
  <leader>00000cam a22000004i 4500</leader>
  <controlfield tag="001">UP-99796217602680329</controlfield>
  <controlfield tag="003">Buklod</controlfield>
  <controlfield tag="005">20080209231458.0</controlfield>
  <controlfield tag="006">m     o  j        </controlfield>
  <controlfield tag="007">ta</controlfield>
  <controlfield tag="008">020610s2000    xx      rb   |001 0|eng d</controlfield>
  <datafield tag="020" ind1=" " ind2=" ">
   <subfield code="a">0761968164 (pbk)</subfield>
  </datafield>
  <datafield tag="035" ind1=" " ind2=" ">
   <subfield code="a">(iLib)UPD-00000145632</subfield>
  </datafield>
  <datafield tag="040" ind1=" " ind2=" ">
   <subfield code="a">DMLS</subfield>
   <subfield code="e">rda</subfield>
  </datafield>
  <datafield tag="041" ind1=" " ind2=" ">
   <subfield code="a">eng</subfield>
  </datafield>
  <datafield tag="090" ind1=" " ind2=" ">
   <subfield code="a">B 2430 F724</subfield>
   <subfield code="b">D36</subfield>
  </datafield>
  <datafield tag="100" ind1="1" ind2=" ">
   <subfield code="a">Danaher, Geoff</subfield>
   <subfield code="e">author.</subfield>
  </datafield>
  <datafield tag="245" ind1="1" ind2="0">
   <subfield code="a">Understanding Foucault</subfield>
   <subfield code="c">Geoff Danaher, Tony Schirato and Jen Webb.</subfield>
  </datafield>
  <datafield tag="264" ind1=" " ind2="1">
   <subfield code="a">London</subfield>
   <subfield code="b">Sage</subfield>
   <subfield code="c">2000</subfield>
  </datafield>
  <datafield tag="300" ind1=" " ind2=" ">
   <subfield code="a">xv, 172 pages</subfield>
   <subfield code="b">illustrations (some color)</subfield>
  </datafield>
  <datafield tag="336" ind1=" " ind2=" ">
   <subfield code="a">text</subfield>
   <subfield code="2">rdacontent</subfield>
  </datafield>
  <datafield tag="337" ind1=" " ind2=" ">
   <subfield code="a">unmediated</subfield>
   <subfield code="2">rdamedia</subfield>
  </datafield>
  <datafield tag="338" ind1=" " ind2=" ">
   <subfield code="a">volume</subfield>
   <subfield code="2">rdacarrier</subfield>
  </datafield>
  <datafield tag="504" ind1=" " ind2=" ">
   <subfield code="a">includes bibliography [pages 165-168] and index [pages 169-172]</subfield>
  </datafield>
  <datafield tag="505" ind1="0" ind2=" ">
   <subfield code="a">1. Introduction to Michael Foucault's work and contexts -- 2. Questions of knowledge -- 3. Discourses and institutions -- 4. Discipline and instruction -- 5. Relations of power -- 6. Governmentality and liberalism -- 7. History and geopolitics -- 8. The ethical subject -- 9. The sexual subject -- 10. Arts of the self.</subfield>
  </datafield>
  <datafield tag="520" ind1="1" ind2=" ">
   <subfield code="a">'Do not ask who I am and do not ask me to remain the same.' Michel Foucault. Derided and disregarded by many of his contemporaries, Michel Foucault is now regarded as probably the most influential thinker of the twentieth century-his work is studied across the humanities and social sciences, among other disciplines.Reading Foucault, however, can be a challenge, as can writing about him, but in Understanding Foucault the authors offer an entertaining and informative introduction to his thinking. They cover all the issues Foucault dealt with, including power, knowledge, subjectivity and sexuality and discuss the development of his analysis throughout his work. Each topic is illustrated with topical examples from popular culture so that students can see how to use Foucault's theories in their own writing.Understanding Foucault is a 'must read' for anyone tackling him for the first time.An ideal introduction, accurate and easy to follow thanks to its excellent prose and simple, lucidly explained examples from popular culture. Toby Miller, New York University, USA. The task of offering new readers a credible, intelligible and accessible overview of Foucault's work is an unenviable one, but the authors have managed it with considerable aplomb. -- by Tony Bennett, The Open University, UK.</subfield>
  </datafield>
  <datafield tag="600" ind1="1" ind2="1">
   <subfield code="a">Foucault, Michael.</subfield>
  </datafield>
  <datafield tag="700" ind1="1" ind2=" ">
   <subfield code="a">Schirato, Tony</subfield>
   <subfield code="e">author.</subfield>
  </datafield>
  <datafield tag="700" ind1="1" ind2=" ">
   <subfield code="a">Webb, Jen</subfield>
   <subfield code="e">author.</subfield>
  </datafield>
  <datafield tag="905" ind1=" " ind2=" ">
   <subfield code="a">FO</subfield>
  </datafield>
  <datafield tag="852" ind1="0" ind2=" ">
   <subfield code="a">UPD</subfield>
   <subfield code="b">DCAL</subfield>
   <subfield code="h">B 2430 F724</subfield>
   <subfield code="i">D36</subfield>
  </datafield>
  <datafield tag="852" ind1="0" ind2=" ">
   <subfield code="a">UPD</subfield>
   <subfield code="b">DMLS</subfield>
   <subfield code="h">B 2430 F724</subfield>
   <subfield code="i">D36</subfield>
  </datafield>
  <datafield tag="852" ind1="0" ind2=" ">
   <subfield code="a">UPD</subfield>
   <subfield code="b">DSWCD</subfield>
   <subfield code="h">B 2430 F724</subfield>
   <subfield code="i">D36</subfield>
  </datafield>
  <datafield tag="942" ind1=" " ind2=" ">
   <subfield code="a">Book</subfield>
  </datafield>
 </record>
</collection>
